Statistics for Name the Disney Animated Movies - with Pictures

Click here to take the quiz!

General Stats

  • This quiz has been taken 74 times
  • The average score is 35 of 62

Answer Stats

Answer% Correct
Snow White and the Seven Dwarfs
96%
Dumbo
95%
Pinocchio
93%
Bambi
91%
Beauty and the Beast
89%
Cinderella
89%
Peter Pan
89%
Aladdin
88%
The Lion King
88%
The Little Mermaid
88%
Mulan
86%
The Many Adventures of Winnie the Pooh
86%
One Hundred and One Dalmatians
84%
Tarzan
84%
Hercules
82%
Frozen
81%
Moana
81%
Pocahontas
81%
Sleeping Beauty
81%
The Jungle Book
81%
Frozen 2
79%
Lady and the Tramp
77%
Tangled
77%
Lilo & Stitch
75%
The Princess and the Frog
75%
Bolt
74%
Chicken Little
74%
Robin Hood
72%
Zootopia
72%
Alice in Wonderland
68%
Winnie the Pooh
68%
Encanto
67%
Wreck-It Ralph
67%
The Hunchback of Notre Dame
65%
Big Hero 6
61%
The Aristocats
56%
Wish
53%
Fantasia
51%
The Fox and the Hound
51%
Brother Bear
44%
Raya and the Last Dragon
44%
The Sword in the Stone
44%
Ralph Breaks the Internet
35%
The Emperor's New Groove
35%
The Rescuers
32%
Meet the Robinsons
30%
Dinosaur
26%
Atlantis: The Lost Empire
25%
The Great Mouse Detective
25%
The Three Caballeros
19%
Treasure Planet
19%
Home on the Range
18%
Fantasia 2000
16%
Oliver & Company
16%
The Black Cauldron
16%
The Adventures of Ichabod and Mr. Toad
14%
Make Mine Music
12%
Strange World
12%
Saludos Amigos
11%
The Rescuers Down Under
11%
Fun and Fancy Free
9%
Melody Time
9%

Score Distribution

Percentile by Number Answered

Percent of People with Each Score

Your Score History

You have not taken this quiz